Hướng dẫn thực hiện chuẩn kiến thức, kĩ năng môn giáo dục công dân trung học phổ thông

Giới thiệu chung về chuẩn kiến thức, kĩ năng của chương trình giáo dục phổ thông. Hướng dẫn thực hiện chuẩn kiến thức, kỹ năng môn học này

Wedi'i Gadw mewn:
Manylion Llyfryddiaeth
Prif Awdur: Nguyễn Hữu Khải
Fformat: Llyfr
Iaith:Undetermined
Cyhoeddwyd: Hà Nội Giáo dục Việt Nam 2011
Pynciau:
Tagiau: Ychwanegu Tag
Dim Tagiau, Byddwch y cyntaf i dagio'r cofnod hwn!
Thư viện lưu trữ: Trung tâm Học liệu Trường Đại học Cần Thơ
LEADER 01013nam a2200217Ia 4500
001 CTU_182577
008 210402s9999 xx 000 0 und d
020 |c 19200 
082 |a 370.1150712 
082 |b Kh103 
100 |a Nguyễn Hữu Khải 
245 0 |a Hướng dẫn thực hiện chuẩn kiến thức, kĩ năng môn giáo dục công dân trung học phổ thông 
245 0 |c Nguyễn Hữu Khải chủ biên 
260 |a Hà Nội 
260 |b Giáo dục Việt Nam 
260 |c 2011 
520 |a Giới thiệu chung về chuẩn kiến thức, kĩ năng của chương trình giáo dục phổ thông. Hướng dẫn thực hiện chuẩn kiến thức, kỹ năng môn học này 
650 |a Morality and society,Đạo đức và xã hội 
650 |x Study and teaching (Secondary),Dạy và học (trung học) 
904 |i Hải 
980 |a Trung tâm Học liệu Trường Đại học Cần Thơ